| 000 | 00651nam a22001937a 4500 | ||
|---|---|---|---|
| 999 |
_c180452 _d180452 |
||
| 005 | 20220218153049.0 | ||
| 010 | _aENG-129706 | ||
| 020 |
_c3595.00 _a9789390157204 |
||
| 035 | _aEN-113238 | ||
| 037 | _bDBAD/PUB | ||
| 082 | _a004 | ||
| 245 |
_aUGC NET/ JRF/ SET Computer Science & Applications: _bPaper-II/ _cMunish Jindal [et. al.] |
||
| 250 | _a2021 | ||
| 260 |
_aNew Delhi _bD.P.S Publishing House _c2020 |
||
| 270 |
_a4598/12B,Gola Cottage, Ansari Road, Darya Ganj _bNew Delhi _e110002 _k011-43586184 _mdpspublishinghouse@gmail.com |
||
| 300 |
_a1026 p. _c26cm (hbk) |
||
| 700 | _aJindal, Munish | ||
| 942 |
_2ddc _cEN _h004 _mJIN |
||